00868nam a2200217 a 4500008004100000020001500041050001600056100002000072245006500092260005200157300002300209350000900232500004700241650004500288650002400333650003300357700001900390995009200409999001700501952013200518120416s1982 ||||||||||||||||| || u a0138429480 aHF 5429 Pac aPackard, Sidney10aStart your own store: managing, merchandising and evaluating aEnglewood Cliffs, N.J.:bFT Prentice-Hallc1982 axvii, 238p. : ill. a0.00 aIncludes index. -Bibliography: p. 181-182. aSTORES, RETAIL--SOUTH AFRICA--MANAGEMENT 0aSUCCESS IN BUSINESS aSELF-EMPLOYED--UNITED STATES aCarron, Alan J D0.00FCBU-MAIN LIBRARY (Kitwe)H1I2.40UAVAILABLEZMain Library Open Access Collection c58181d58181 00102lcc4070a001b001cMain Library Open Access Collectiond2022-11-30l0oHF 5429 Pacp004922r2022-11-30w2022-11-30y002